Advanced bussiness finance / (Record no. 148024)

MARC details
000 -LEADER
fixed length control field 00386nam a22001457a 4500
005 - DATE AND TIME OF LATEST TRANSACTION
control field 20171215143342.0
020 ## - INTERNATIONAL STANDARD BOOK NUMBER
International Standard Book Number 9788176116985
Terms of availability 800.00
037 ## - SOURCE OF ACQUISITION
Source of stock number/acquisition DBAD/PUB
100 ## - MAIN ENTRY--PERSONAL NAME
Personal name DavidTailor,R.S
245 ## - TITLE STATEMENT
Title Advanced bussiness finance /
260 ## - PUBLICATION, DISTRIBUTION, ETC. (IMPRINT)
Place of publication, distribution, etc Jaipur
Name of publisher, distributor, etc RBSA Publishers
Date of publication, distribution, etc 2014
-- 2014
270 ## - ADDRESS
Address 340,Chaura Rasta,
City Jaipur
Postal code 302003
300 ## - PHYSICAL DESCRIPTION
Extent 200p.
Dimensions 22cm(hb)
942 ## - ADDED ENTRY ELEMENTS (KOHA)
Source of classification or shelving scheme Dewey Decimal Classification
Item type English Books
Holdings
Withdrawn status Lost status Not for loan Collection code Home library Current library Date acquired Source of acquisition Cost, normal purchase price Copy number Cost, replacement price Koha item type
    Not For Loan Non-fiction D.B.Act.Division D.B.Act.Division 15/12/2017 DBAD/PUB 800.00 1 800.00 English Books

© Delhi Public Library
Hit Counter
free hit counter